Die geheimnisvollen Mauern von Seifershau
| Titel: | Die geheimnisvollen Mauern von Seifershau / Jürgen Schwanitz |
|---|---|
| Verfasser: | |
| In: |
Auf historischer Spurensuche im Bobertal... ; Bd. 3. Seminarband ... der 3. Bobertaltagung 2016, (2018), Seite 935-942 alle Artikel anzeigen |
| Veröffentlicht: | 2018 |
| Format: | Aufsatz |
| Sprache: | Deutsch |
X
alg: 48495133 001A $03025:30-08-21 001B $01999:30-08-21 $t22:32:06.000 001D $03025:30-08-21 001U $0utf8 001X $00 002@ $0Aou 002C $aText $btxt $2rdacontent 002D $aohne Hilfsmittel zu benutzen $bn $2rdamedia 002E $aBand $bnc $2rdacarrier 003@ $0484951335 007A $0484951335 $aHEB 010@ $ager 010E $erda 011@ $a2018 021A $aDie @geheimnisvollen Mauern von Seifershau $hJürgen Schwanitz 028A $BVerfasser $4aut $7128481943 $8Schwanitz, Jürgen$Z1949- [Tp3] $9158981324 031A $h935-942 $j2018 039B $aEnthalten in $8--Afx--. Auf historischer Spurensuche im Bobertal... ; Bd. 3. Seminarband ... der 3. Bobertaltagung 2016. - Würzburg : Stiftung Kulturwerk Schlesien, 2018. - 811 - 1187 Seiten, [32] ungezählte Seiten. - Illustrationen. - ISBN 978-3-929817-09-6 $x201800000000000065 $9438600185 044K $RJelenia Góra $RWoiwodschaft Niederschlesien $RPowiat Jeleniogórski $#Seifershau $#Seifershau $#Seiffershau $#Seifertshau $77538837-6 $8Kopaniec [Tg1] $9180567160 044K $RArchitekt $RBaudenkmal $RBauweise $RInnenarchitektur $#Architecture $#Architecture $#Baukunst $74002851-3 $8Architektur [Ts1] $9084999292 045F $a709.4385 $eDDC23BSB 045F/01 $a709 045F/03 $g4385 lok: 48495133 78 exp: 48495133 78 1 #EPN 201B/01 $030-08-21 $t11:50:37.000 201C/01 $030-08-21 201U/01 $0utf8 203@/01 $01167145046 208@/01 $a30-08-21 $be 209A/01 $a/ $f000 $x00 209A/01 $ab*p $x01 220C/01 $apgar 244Z/01 $#Schlesien $#Schlesien $#Herzogtum Schlesien $#Herzogtum Schlesien Schlesien $#Provinz Schlesien $#Śla̜sk $#Slezsko $#Silesia $74052678-1 $8--Tg1--Schlesien $x01 $9085146781 247C/01 $82080>Marburg/Lahn, Herder-Institut, Forschungsbibliothek, Bibliographieportal $9336309341
| LEADER | 00000caa a2200000 c 4500 | ||
|---|---|---|---|
| 001 | 484951335 | ||
| 003 | DE-603 | ||
| 005 | 20210830223206.0 | ||
| 007 | tu | ||
| 008 | 210830s2018 xx |||| | u00||u|ger c | ||
| 035 | |a (DE-599)HEB484951335 | ||
| 040 | |a DE-603 |b ger |c DE-603 |d DE-603 |e rda | ||
| 041 | |a ger | ||
| 082 | 0 | 4 | |8 1\u |a 709.4385 |q DE-101 |2 23/BSB |
| 085 | |8 1\u |b 709 | ||
| 085 | |8 1\u |z 2 |s 4385 | ||
| 100 | 1 | |a Schwanitz, Jürgen |d 1949- |e Verfasser |4 aut |0 (DE-603)158981324 |0 (DE-588)128481943 |2 gnd | |
| 245 | 0 | 0 | |a Die geheimnisvollen Mauern von Seifershau |c Jürgen Schwanitz |
| 264 | 0 | |c 2018 | |
| 336 | |a Text |b txt |2 rdacontent | ||
| 337 | |a ohne Hilfsmittel zu benutzen |b n |2 rdamedia | ||
| 338 | |a Band |b nc |2 rdacarrier | ||
| 650 | 7 | |a Architektur |0 (DE-588)4002851-3 |0 (DE-603)084999292 |2 gnd | |
| 651 | 7 | |a Kopaniec |0 (DE-588)7538837-6 |0 (DE-603)180567160 |2 gnd | |
| 773 | 0 | 8 | |i Enthalten in |t Auf historischer Spurensuche im Bobertal... ; Bd. 3. Seminarband ... der 3. Bobertaltagung 2016 |d Würzburg : Stiftung Kulturwerk Schlesien, 2018 |h 811 - 1187 Seiten, [32] ungezählte Seiten, Illustrationen |z 9783929817096 |g (2018), Seite 935-942 |w (DE-603)438600185 |
| 924 | 0 | |9 2080 |a (DE-603)1167145046 |b DE-2080 |c HES |d d |g / | |


